| 000 | 01559cam a22003612 b4500 | ||
|---|---|---|---|
| 001 | 10190205 | ||
| 003 | OSt | ||
| 005 | 20150408114203.0 | ||
| 006 | m d | ||
| 007 | cr n | ||
| 008 | 120330e20121201njua s|||||||| 2|eng|d | ||
| 020 | _a9781461440567 | ||
| 020 |
_a1461440564 (Trade Paper) _cUSD 59.95 Retail Price (Publisher) |
||
| 024 | 3 | _a9781461440567 | |
| 035 | _a(WaSeSS)ssj0000813450 | ||
| 037 |
_a1461440564 _b00024965 |
||
| 040 |
_aBIP US _dWaSeSS |
||
| 050 | 4 | _aQA274 | |
| 082 | 0 | 0 |
_a519.22 _223 _bVPI |
| 100 | 1 |
_aVrbik, Paul _eAuthor _942154 |
|
| 210 | 1 | 0 | _aInformal Introduction to Stochastic Processes with Maple |
| 245 | 1 | 0 |
_aInformal Introduction to Stochastic Processes with Maple _h[electronic resource] |
| 260 |
_aNew York : _bSpringer _cDec. 2012 |
||
| 440 | 0 |
_aUniversitext Ser. _942155 |
|
| 506 | _aLicense restrictions may limit access. | ||
| 520 | 8 |
_aAnnotation _bThis introduction covers Markov chains, birth and death processes, Brownian motion and autoregressive models, using the Maple computer-algebra system to simplify both the underlying mathematics and the conceptual understanding of random processes. |
|
| 521 |
_aScholarly & Professional _bSpringer |
||
| 700 | 1 |
_aVrbik,Jan _eAuthor _942156 |
|
| 773 | 0 | _tSpringerLink ebooks - Mathematics and Statistics (2013) | |
| 856 | 4 | 0 |
_uhttp://www.columbia.edu/cgi-bin/cul/resolve?clio10190205 _zFull text available from SpringerLink ebooks - Mathematics and Statistics (2013) |
| 910 | _aBowker Global Books in Print record | ||
| 942 |
_2ddc _cDVD |
||
| 999 |
_c33178 _d267678 |
||